| 000 | 01058nam a22002297a 4500 | ||
|---|---|---|---|
| 999 |
_c60379 _d60379 |
||
| 005 | 20251125233052.0 | ||
| 008 | s2552 th tha d | ||
| 020 | _a978974288809 | ||
| 040 | _aNALT | ||
| 041 | _atha | ||
| 090 | _aKU11 ค129ป 2552 | ||
| 100 | 0 | _aคณิต ณ นคร | |
| 245 | 1 | 0 | _aปฏิรูปกระบวนการยุติธรรมทางอาญา สะท้อนทิศทางพัฒนากระบวนการยุติธรรมไทย |
| 260 | 3 |
_aกรุงเทพฯ : _bวิญญูชน, _c2552 |
|
| 300 |
_a144 หน้า ; _b 21 ซม. |
||
| 650 | 0 | 4 | _aกระบวนการยุติธรรม -- ไทย |
| 650 | 0 | 4 | _aกระบวนการยุติธรรมทางอาญา |
| 850 | _aNALT | ||
| 856 | 4 | 0 |
_uhttps://hdl.handle.net/20.500.14156/302060 _71 |
| 942 |
_cLB _02 _2lcc |
||
| 998 |
_j1664 _k นายสมเกียรติ หะรังศรี |
||